000 00430nam a22001817a 4500
003 MPLRDC
005 20220104113934.0
008 210129b ||||| |||| 00| 0 eng d
020 _a957-583-144-6
082 _a848.2 CYF-7
100 _a曹又方等著
245 _a年轻不是我的错
_c
250 _a三版
260 _a
_b晨星出版社
_c1991
300 _b
650 _a现代别集
942 _cBK
_o848.2 CYF-7
999 _c3549
_d3539